[Event "Preferente Fase Ascenso"]
[Site "Zaragoza"]
[Date "2011.04.09"]
[Round "10.43"]
[White "Bellosta Lopez Pablo"]
[Black "Gil Pineiro David"]
[Result "1-0"]
[WhiteElo "1967"]
[BlackElo "1937"]

1.e4 c5 2.Nf3 g6 3.d4 cxd4 4.Qxd4 Nf6 5.e5 Nc6 6.Qa4 Nd5 7.Bb5 Bg7 8.O-O O-O
9.Re1 a6 10.Bxc6 bxc6 11.Qh4 Rb8 12.b3 d6 13.Bh6 dxe5 14.Bxg7 Kxg7 15.Nxe5 Qd6
16.Nd2 Bf5 17.c4 Nf6 18.Ndf3 Rbd8 19.h3 h6 20.Rac1 g5 21.c5 Qc7 22.Qc4 Qc8 23.
Nd4 Be4 24.Ne2 Bd5 25.Qc3 Qc7 26.Ng3 e6 27.Ng4 Qe7 28.Nf5+ 1-0

[Event "Preferente Fase Ascenso"]
[Site "Zaragoza"]
[Date "2011.04.09"]
[Round "10.44"]
[White "Barcena Laguia Francisco"]
[Black "Biarge Carnicer Arturo"]
[Result "0-1"]
[WhiteElo "1957"]
[BlackElo "1887"]

1.d4 Nf6 2.Nf3 g6 3.Bf4 Bg7 4.e3 O-O 5.Be2 d6 6.h3 Nbd7 7.O-O c5 8.c4 Qb6 9.
Qc2 Re8 10.Bh2 e5 11.dxe5 Nxe5 12.Nxe5 dxe5 13.e4 Nxe4 14.f3 Nd6 15.Nc3 Be6
16.Nd5 Bxd5 17.cxd5 Nf5 18.Qd2 Nd4 19.Rab1 Qd6 20.Bc4 b5 21.Bd3 c4 22.Be4 f5
23.Qxd4 exd4 24.Bxd6 fxe4 25.fxe4 Rxe4 26.Bc5 d3 27.Kh1 Re5 0-1

[Event "Preferente Fase Ascenso"]
[Site "Zaragoza"]
[Date "2011.04.09"]
[Round "10.45"]
[White "Colom Sienes Eduardo"]
[Black "Martinez Asensio Juan M"]
[Result "1/2-1/2"]
[WhiteElo "2026"]
[BlackElo "2144"]

1.e4 c5 2.Nf3 g6 3.d4 cxd4 4.Nxd4 Nc6 5.Nc3 Bg7 6.Be3 Nf6 7.Bc4 Qa5 8.O-O O-O
9.Bb3 d6 10.h3 Bd7 11.Re1 Rfe8 12.Qd2 Nxe4 13.Nxc6 Qxc3 14.Nxe7+ Rxe7 15.bxc3
Nxd2 16.Bxd2 Rae8 17.Rxe7 Rxe7 18.Bf4 Bxc3 19.Bxd6 Re2 20.Rd1 Bb5 21.Bc5 b6
22.Bd4 Bxd4 23.Rxd4 Re7 24.Rb4 Re5 25.Rd4 Kg7 26.Rd6 g5 27.Rd5 Rxd5 28.Bxd5
1/2-1/2

[Event "Preferente Fase Ascenso"]
[Site "Zaragoza"]
[Date "2011.04.09"]
[Round "10.46"]
[White "Carruez Berges Santiago"]
[Black "Sanmartin Agustin Alvaro"]
[Result "0-1"]
[WhiteElo "2110"]
[BlackElo "1994"]

1.e4 c5 2.Nf3 d6 3.g3 g6 4.Bg2 Bg7 5.O-O Nc6 6.Re1 e5 7.c3 Nge7 8.a3 a5 9.a4
O-O 10.Na3 Kh8 11.Nb5 f5 12.d3 Be6 13.exf5 gxf5 14.d4 cxd4 15.cxd4 e4 16.Ng5
Bg8 17.Bf4 Nd5 18.Qh5 Nxf4 19.gxf4 Nb4 20.Red1 Rc8 21.Ra3 Rf6 22.Rh3 Rh6 23.
Nf7+ Bxf7 24.Qxf7 Rxh3 25.Bxh3 Qh4 26.Qxf5 Rf8 27.Qg4 Qxg4+ 28.Bxg4 Rxf4 29.
Be2 d5 30.Rc1 Nc6 31.Rd1 Rf6 32.Kg2 Nb4 33.Nc3 Bh6 34.Bb5 Rg6+ 35.Kf1 Bf4 36.
h3 Rf6 37.Ke2 Bg5 38.Rg1 h6 39.Rg4 Bc1 40.Nd1 Nc2 41.Bd7 Nxd4+ 42.Ke1 Nf3+ 43.
Ke2 Ne5 0-1

[Event "Preferente Fase Ascenso"]
[Site "Zaragoza"]
[Date "2011.04.09"]
[Round "10.47"]
[White "Sacristan Latorre Alberto"]
[Black "Larrosa Poves Jose Manuel"]
[Result "1-0"]
[WhiteElo "1959"]
[BlackElo "2067"]

1.e4 c5 2.Nf3 a6 3.c3 d5 4.exd5 Qxd5 5.d4 e6 6.Be2 Nf6 7.O-O Nc6 8.Be3 cxd4 9.
cxd4 Be7 10.Nc3 Qd8 11.Ne5 Nb4 12.Qb3 O-O 13.Rfd1 Nbd5 14.Bg5 h6 15.Bh4 Qb6
16.Nxd5 Nxd5 17.Qxb6 Nxb6 18.Bxe7 Re8 19.Bh4 f6 20.Nc4 Nd5 21.Bg3 b5 22.Nd6
Rd8 23.Bf3 g5 24.Rac1 Bd7 25.Bxd5 exd5 26.Rc7 h5 27.Nb7 h4 28.Nxd8 Rxd8 29.Bd6
Bg4 30.f3 Rxd6 31.fxg4 Kf8 32.Re1 1-0

[Event "Preferente Fase Ascenso"]
[Site "Zaragoza"]
[Date "2011.04.09"]
[Round "10.48"]
[White "Martinez Crespo Juan"]
[Black "Gomez Salinas Nestor"]
[Result "0-1"]
[WhiteElo "1816"]
[BlackElo "1845"]

1.d4 Nf6 2.Nf3 g6 3.c4 Bg7 4.Nc3 O-O 5.e4 d6 6.Be2 Na6 7.O-O c5 8.d5 Nc7 9.Bg5
h6 10.Bh4 a6 11.a4 Rb8 12.Qc2 Bd7 13.Rfd1 g5 14.Bg3 Nh5 15.Ne1 Nxg3 16.hxg3 b5
17.axb5 axb5 18.cxb5 Nxb5 19.Nxb5 Bxb5 20.Bxb5 Rxb5 21.Nd3 Qb6 22.Ra2 Rc8 23.
Rb1 Rb8 24.Kf1 Rb3 25.Nc1 Qb5+ 26.Kg1 c4 27.Qe2 c3 28.Qxb5 R3xb5 29.b3 Bd4 30.
Rc2 Bf6 31.Kf1 Rb4 32.f3 g4 33.Ke2 e6 34.dxe6 fxe6 35.Na2 Rxb3 36.Rxb3 Rxb3
37.Kd3 d5 38.Nc1 Rb2 39.exd5 gxf3 40.gxf3 exd5 41.Ne2 d4 42.f4 h5 43.Ng1 Rb1
44.Nf3 Rd1+ 45.Ke2 Rh1 46.Kd3 Rf1 47.Nh2 Rg1 48.Rf2 Rxg3+ 49.Nf3 h4 50.Kc2 h3
51.Ne1 Rg1 0-1

[Event "Preferente Fase Descenso"]
[Site "Zaragoza"]
[Date "2011.04.09"]
[Round "10.49"]
[White "Garcia Lopez Alberto J"]
[Black "Pes Mateo Angel"]
[Result "1-0"]
[WhiteElo "1977"]
[BlackElo "2052"]

1.Nf3 d5 2.b3 Bf5 3.g3 Nf6 4.Bg2 h6 5.Bb2 e6 6.d3 Be7 7.O-O O-O 8.c4 c6 9.Nc3
a5 10.a3 Na6 11.Nd2 Bh7 12.e4 Nc5 13.Qe2 dxe4 14.dxe4 Qd3 15.f3 Rfd8 16.Rfd1
Rd7 17.b4 Qxe2 18.Nxe2 Na4 19.Bxf6 gxf6 20.Nb3 Rxd1+ 21.Rxd1 axb4 22.axb4 Bxb4
23.Nf4 Kf8 24.Kf1 Ke7 25.Ra1 f5 26.Nd3 Bc3 27.Ra2 fxe4 28.fxe4 f5 29.Ndc5 b5
30.cxb5 cxb5 31.exf5 Rf8 32.g4 Bxf5 33.Nxa4 Bc2+ 34.Kg1 Bxb3 35.Nxc3 Bxa2 36.
Nxa2 Rc8 37.Bf1 Rc2 38.Nb4 Rb2 39.Nc6+ Kd6 40.Nd4 b4 41.h3 Ke5 42.Nf3+ Ke4 43.
Ne1 b3 44.Bc4 Rb1 45.Bd3+ Ke3 46.Bxb1 e5 47.Nd3 e4 48.Nc5 Kf3 49.Nxe4 b2 50.
Kh2 Ke3 51.Kg3 1-0

[Event "Preferente Fase Descenso"]
[Site "Zaragoza"]
[Date "2011.04.09"]
[Round "10.51"]
[White "Buil Montanes Carlos"]
[Black "Galvez Rubio David"]
[Result "1/2-1/2"]
[WhiteElo "1903"]
[BlackElo "1908"]

1.d4 d5 2.Nf3 Nf6 3.c4 e6 4.Nc3 c6 5.Bg5 Nbd7 6.e3 Qa5 7.cxd5 Nxd5 8.Qd2 Bb4
9.Rc1 h6 10.Bh4 O-O 11.Bd3 e5 12.O-O exd4 13.exd4 Re8 14.Bg3 N7f6 15.Qc2 Be6
16.Na4 Nb6 17.Nxb6 Qxb6 18.a3 Be7 19.Bc4 Bxc4 20.Qxc4 Nd5 21.Rc2 Bf6 22.b4
Rac8 23.Rfc1 a6 24.Qd3 Qd8 25.Qc4 Qb6 26.Qc5 Qxc5 27.bxc5 Re4 28.Be5 Bxe5 29.
dxe5 Ra4 30.Ra1 Kf8 31.Kf1 Ke7 32.Rb1 Rxa3 33.Rxb7+ Ke6 34.Rc1 Ra4 35.g3 Rc7
36.Rcb1 Rc4 37.Rxc7 Nxc7 38.Rb7 Nd5 39.Ra7 Nb4 40.Ra8 Rxc5 41.Re8+ Kf5 42.Re7
Kg6 43.Nh4+ Kh7 44.Nf5 Kg6 45.Nh4+ Kh7 46.f4 Kg8 47.Re8+ Kh7 48.Rf8 g5 49.
Rxf7+ Kg8 50.Rb7 gxh4 51.Rxb4 hxg3 52.hxg3 a5 53.Ra4 Kf7 54.Kf2 h5 55.Kf3 Rb5
56.Ke3 Rb3+ 57.Kf2 Rb5 58.Ke3 Rb3+ 59.Kf2 Rb5 60.Ke3 1/2-1/2

[Event "Preferente Fase Descenso"]
[Site "Zaragoza"]
[Date "2011.04.09"]
[Round "10.52"]
[White "Sarrio Bambo Pablo"]
[Black "Minguez Guinda Andres"]
[Result "0-1"]
[WhiteElo "1885"]
[BlackElo "1896"]

1.b3 d6 2.Bb2 e5 3.e3 Nf6 4.c4 Be7 5.Nf3 O-O 6.d4 exd4 7.Nxd4 d5 8.Nd2 c5 9.
N4f3 Nc6 10.Be2 d4 11.exd4 cxd4 12.Bd3 Bc5 13.O-O Re8 14.a3 a5 15.Qc2 Qd6 16.
Ne4 Nxe4 17.Bxe4 g6 18.Bxc6 bxc6 19.b4 axb4 20.axb4 Rxa1 21.Bxa1 Bxb4 22.Nxd4
f6 23.Qb3 Bc5 24.Qc3 Re4 25.Nb3 Bb4 26.Qxf6 Qxf6 27.Bxf6 Be6 28.Nd4 Bxc4 29.
Nxc6 Bxf1 30.Nxb4 Bxg2 31.Kxg2 Rxb4 32.Be7 Rb3 33.Bd6 Kf7 34.Bc7 Kf6 35.Bd6 g5
36.Bc7 h5 37.h3 Kf5 38.Bd8 Rd3 39.Bc7 Ke6 40.Bb8 Kf5 41.Bc7 g4 42.hxg4+ Kxg4
43.Bb8 h4 44.Bc7 Rc3 45.Bb8 h3+ 46.Kh2 Kf3 47.Bg3 Rc1 48.Bh4 Rb1 49.Bg3 Rf1
50.Bh4 Kg4 51.Bg3 Rd1 52.Bc7 Rd2 53.Bg3 Rc2 54.Kg1 Rc1+ 55.Kh2 Rf1 56.f4 Rf3
57.Be1 Rxf4 58.Ba5 Rf2+ 59.Kh1 h2 60.Bb4 Kh3 61.Bc3 Rc2 0-1

[Event "Preferente Fase Descenso"]
[Site "Zaragoza"]
[Date "2011.04.09"]
[Round "10.53"]
[White "Naya Sancho Jose Ignacio"]
[Black "Palacios Latasa Elias"]
[Result "1/2-1/2"]
[WhiteElo "2124"]
[BlackElo "2198"]

1.d4 Nf6 2.c4 b6 3.Nf3 Bb7 4.Nc3 d5 5.e3 g6 6.cxd5 Nxd5 7.Bc4 Nxc3 8.bxc3 Bg7
9.O-O O-O 10.Rb1 Nc6 11.e4 Na5 12.Bd3 c5 13.Be3 Qc7 14.Qc1 cxd4 15.cxd4 Qxc1
16.Rbxc1 Rac8 17.Rxc8 Rxc8 18.Rc1 Rxc1+ 19.Bxc1 e6 20.Be3 1/2-1/2

[Event "Preferente Fase Descenso"]
[Site "Zaragoza"]
[Date "2011.04.09"]
[Round "10.54"]
[White "De la Riva Fernandez Eduardo"]
[Black "Neila Castillo Miguel Angel"]
[Result "1/2-1/2"]
[WhiteElo "1995"]
[BlackElo "2082"]

1.e4 c5 2.Nf3 Nc6 3.d4 cxd4 4.Nxd4 Nf6 5.Nc3 e5 6.Ndb5 d6 7.Bg5 a6 8.Na3 b5 9.
Nd5 Be7 10.Bxf6 Bxf6 11.c3 Bg5 12.Nc2 Be6 13.a4 Rb8 14.axb5 axb5 15.Ncb4 Nxb4
16.Nxb4 Rb6 17.Nd5 Rb7 18.Qb3 Qb8 19.Bxb5+ Rxb5 20.Qxb5+ Qxb5 21.Nc7+ Kd7 22.
Nxb5 Rb8 23.Na3 Rxb2 24.O-O Rb3 25.Rfd1 Bd8 26.Rdb1 Rxc3 27.Nb5 Rb3 28.Ra7+
Kc6 29.Rxb3 Bxb3 30.Nc3 Bb6 31.Re7 Bd8 32.Ra7 Bb6 33.Re7 Bd8 34.Re8 Ba5 35.Nd5
Bxd5 36.exd5+ Kxd5 37.Re7 Bd8 38.Rxf7 Bf6 39.h4 Ke4 40.Rd7 d5 41.g4 h6 42.g5
hxg5 43.hxg5 Bxg5 44.Rxg7 Bf4 45.Kf1 d4 46.Rd7 Kf3 47.Ke1 Bc1 48.Rf7+ Bf4 49.
Rd7 Bc1 1/2-1/2

[Event "Preferente Fase Descenso"]
[Site "Zaragoza"]
[Date "2011.04.09"]
[Round "10.55"]
[White "Andres Terrado Miguel Angel"]
[Black "Hernandez Delgado Gabriel"]
[Result "1-0"]
[WhiteElo "2062"]
[BlackElo "1976"]

1.Nf3 g6 2.g3 Bg7 3.Bg2 e5 4.d3 d5 5.O-O Ne7 6.e4 dxe4 7.dxe4 Qxd1 8.Rxd1 O-O
9.Be3 Bg4 10.Nc3 Nbc6 11.Nb5 Rfc8 12.h3 Bxf3 13.Bxf3 a6 14.Na3 Rd8 15.c3 Rxd1+
16.Rxd1 Rd8 17.Kf1 Rxd1+ 18.Bxd1 Bf8 19.Ke2 Nc8 20.Nb1 Nd6 21.Nd2 Kg7 22.Kd3
f5 23.f4 fxe4+ 24.Nxe4 Nf5 25.Bd2 Nd6 26.Ng5 Be7 27.Ne6+ Kf6 28.Nxc7 e4+ 29.
Ke2 Bd8 30.Nd5+ Kg7 31.Bc2 Ne7 32.Ne3 Bb6 33.b3 h5 34.g4 hxg4 35.hxg4 Kf6 36.
Nc4 Nxc4 37.bxc4 Bc5 38.Bxe4 Nc6 39.Be3 Bd6 40.c5 Bc7 41.Kf3 Bd8 42.Bd5 Bc7
43.Ke4 Bb8 44.Bxc6 bxc6 45.Bd4+ Ke6 46.f5+ gxf5+ 47.gxf5+ Kf7 48.Be5 1-0

[Event "Preferente Fase Descenso"]
[Site "Zaragoza"]
[Date "2011.04.09"]
[Round "10.56"]
[White "Correas Marcen Jose Maria"]
[Black "Dominguez Luzon Fernando"]
[Result "1-0"]
[WhiteElo "1972"]
[BlackElo "2006"]

1.Nf3 Nf6 2.g3 d5 3.Bg2 Bg4 4.h3 Bxf3 5.Bxf3 Nbd7 6.d3 c6 7.Nd2 e6 8.O-O Be7
9.e4 O-O 10.Re1 dxe4 11.dxe4 Ne5 12.Bg2 Qb6 13.Qe2 Rfd8 14.Nb3 a5 15.Be3 Qb4
16.Bd4 Nc4 17.Bc3 Qb5 18.Bf1 Ne5 19.Qxb5 cxb5 20.Bxe5 1-0

[Event "Division de Honor Titulo"]
[Site "Aragon"]
[Date "2011.04.10"]
[Round "11.1"]
[White "Baron Rodriguez Jesus"]
[Black "Adla Diego Gustavo"]
[Result "1/2-1/2"]
[WhiteElo "2447"]
[BlackElo "2507"]

1.e4 c6 2.c4 d5 3.exd5 cxd5 4.d4 Nf6 5.Nc3 e6 6.Nf3 Bb4 7.cxd5 Nxd5 8.Bd2 Nc6
9.Bd3 O-O 10.O-O Be7 11.Qe2 Nf6 12.Ne4 Bd7 13.Rad1 Qb6 14.Be3 Nd5 15.a3 Rad8
16.Rc1 h6 17.b4 e5 18.Nxe5 Nxe5 19.dxe5 Nxe3 20.fxe3 Qe6 21.Nc5 Qxe5 22.Nxd7
Rxd7 23.Rf5 Qe6 24.e4 g6 25.Rf3 Qe5 26.Bc4 Kg7 27.Rcf1 Bd8 28.Rd3 Bc7 29.g3
Bb6+ 30.Kg2 Re7 31.Bd5 1/2-1/2

[Event "Division de Honor Titulo"]
[Site "Aragon"]
[Date "2011.04.11"]
[Round "11.2"]
[White "Glavina Rossi Pablo"]
[Black "Forcen Esteban Daniel"]
[Result "1/2-1/2"]
[WhiteElo "2462"]
[BlackElo "2378"]

1.Nf3 c5 2.c4 Nc6 3.d4 cxd4 4.Nxd4 a6 5.g3 e6 6.Bg2 Nf6 7.O-O Be7 8.Nc3 O-O 9.
b3 Qc7 10.Bb2 d6 11.Rc1 Nxd4 12.Qxd4 Bd7 13.Rfd1 Rfd8 14.h3 Rac8 15.g4 Ne8 16.
Qe3 Bf8 17.g5 Qb8 18.h4 b5 19.cxb5 axb5 20.h5 d5 21.g6 Nf6 22.gxf7+ Kxf7 23.h6
Bc6 24.Bh3 Re8 25.a4 bxa4 26.Nxa4 Bxa4 27.bxa4 Rxc1 28.Bxc1 Qb1 29.hxg7 Bxg7
30.Qa7+ Kg8 31.Qxg7+ Kxg7 32.Bh6+ Kxh6 33.Rxb1 Ra8 34.Ra1 Ra6 35.a5 Ne4 36.e3
Nd2 37.Bf1 1/2-1/2

[Event "Division de Honor Titulo"]
[Site "Aragon"]
[Date "2011.04.10"]
[Round "11.3"]
[White "Baron Rodriguez Jorge"]
[Black "Lopez Gracia Fernando"]
[Result "0-1"]
[WhiteElo "2272"]
[BlackElo "2319"]

1.e4 d5 2.exd5 Qxd5 3.Nc3 Qd6 4.d4 Nf6 5.Nf3 c6 6.Ne5 Nbd7 7.f4 Nb6 8.g4 Nbd5
9.Bg2 Nxc3 10.bxc3 g6 11.g5 Nd7 12.O-O Bg7 13.Nc4 Qc7 14.f5 gxf5 15.Qe2 Nb6
16.Ne3 h6 17.Nxf5 Bxf5 18.Rxf5 hxg5 19.Bxg5 Qxh2+ 20.Kf2 Qd6 21.Re1 f6 22.Bf4
Qd7 23.Rh5 Rxh5 24.Qxh5+ Kf8 25.Bh3 Qd5 26.Bf5 e5 27.Bh6 Bxh6 28.Qxh6+ Ke7 29.
dxe5 fxe5 30.Qg7+ Kd6 31.Qf6+ Kc7 32.Rxe5 Qd2+ 33.Kf1 Qf4+ 34.Ke2 Nd7 35.Re7
Re8 0-1

[Event "Division de Honor Titulo"]
[Site "Aragon"]
[Date "2011.04.10"]
[Round "11.4"]
[White "Moreno Gracia Daniel"]
[Black "Aguirre Izaguirre Pedro Jose"]
[Result "1/2-1/2"]
[WhiteElo "2277"]
[BlackElo "2227"]

1.c4 f5 2.g3 g6 3.Bg2 Bg7 4.Nc3 Nf6 5.Nf3 d6 6.O-O O-O 7.d3 h6 8.b4 e5 9.c5 a5
10.cxd6 cxd6 11.Qb3+ Kh7 12.b5 Qe7 13.Bb2 Be6 14.Qa3 Nbd7 15.Na4 Nd5 16.Nd2
Nb4 17.Rac1 Rac8 18.Nc4 d5 19.Nxa5 Ra8 20.Bc3 Nc6 21.Qxe7 Nxe7 22.Bb4 Rfe8 23.
Nc3 d4 24.Nb1 Nd5 25.Bxd5 Bxd5 26.Rc7 Nf6 27.a3 e4 28.Nd2 Kg8 29.Ndc4 exd3 30.
exd3 Bf3 31.Nb6 Rab8 32.Bc5 Re6 33.Bxd4 Ne8 34.Rxg7+ Nxg7 35.Be3 Rd8 36.Nbc4
Rxd3 37.Bxh6 b6 38.Nc6 Bxc6 39.bxc6 Rc3 40.Nxb6 Rcxc6 41.Nd5 Rcd6 42.Ne3 Ne8
43.Rc1 Ra6 44.Nc4 1/2-1/2

[Event "Division de Honor Titulo"]
[Site "Aragon"]
[Date "2011.04.10"]
[Round "11.5"]
[White "Garza Marco Sergio"]
[Black "Valles Mata David"]
[Result "0-1"]
[WhiteElo "2436"]
[BlackElo "2105"]

1.d4 Nf6 2.c4 g6 3.Nc3 Bg7 4.e4 d6 5.Be2 O-O 6.Nf3 e5 7.O-O Nc6 8.d5 Ne7 9.b4
Nh5 10.Re1 f5 11.Ng5 Nf6 12.Bf3 c6 13.b5 h6 14.Ne6 Bxe6 15.dxe6 fxe4 16.Nxe4
Nxe4 17.Bxe4 d5 18.cxd5 cxd5 19.Bc2 Qb6 20.Qd2 e4 21.Rb1 Bd4 22.Re2 Rxf2 23.
Rxf2 Rf8 24.Bb2 Be3 25.Qc3 d4 26.Qb4 Rxf2 27.Kh1 Qc7 28.Bxe4 Qf4 0-1

[Event "Division de Honor Titulo"]
[Site "Aragon"]
[Date "2011.04.10"]
[Round "11.6"]
[White "Solano Lasierra Javier"]
[Black "Antoli Royo Joaquin Miguel"]
[Result "1/2-1/2"]
[WhiteElo "2156"]
[BlackElo "2430"]

1.d4 d5 2.c4 dxc4 3.Nc3 Nf6 4.Nf3 c5 5.e3 e6 6.Bxc4 Be7 7.O-O cxd4 8.exd4 O-O
9.Qe2 a6 10.a4 Nc6 11.Rd1 Nb4 12.Ne5 b6 13.Bg5 Bb7 14.Nxf7 Rxf7 15.Bxe6 Qd6
16.d5 Rf8 17.Rd4 Kh8 18.Rad1 Ng8 19.Ne4 Qd8 20.Bxe7 Nxe7 21.Bxf7 Rxf7 22.Ng5
Rf5 23.Qh5 Qg8 24.d6 Ned5 25.d7 h6 26.Qe8 Rf8 27.Nf7+ Kh7 28.Qe4+ g6 29.Ne5 a5
30.h4 h5 31.Nf3 Rd8 32.Ne5 Qe6 33.R1d2 Kg7 34.g3 Ba8 35.Nc4 Qxe4 36.Rxe4 Rxd7
37.Nxb6 Rd8 38.Nc4 Rc8 39.b3 Kf6 40.Rde2 Rc6 41.Re8 Ra6 42.Rf8+ Kg7 43.Ree8
Bc6 44.Rg8+ Kh7 45.Rh8+ Kg7 46.Reg8+ Kf7 47.Rf8+ Kg7 48.Rhg8+ 1/2-1/2

[Event "Division de Honor Titulo"]
[Site "Aragon"]
[Date "2011.04.10"]
[Round "11.7"]
[White "Fontana Sotomayour Luis Javier"]
[Black "Escuer Sanchez Nestor"]
[Result "1/2-1/2"]
[WhiteElo "2371"]
[BlackElo "2107"]

1.d4 e6 2.Nf3 Nf6 3.e3 d6 4.b3 Nbd7 5.Bb2 g6 6.Be2 Bg7 7.c4 b6 8.Nc3 Bb7 9.Qc2
O-O 10.O-O Qe7 11.b4 e5 12.Nd2 Rfe8 13.d5 h6 14.e4 Nh7 15.Nb3 Ndf8 16.c5 Bc8
17.Nb5 Ba6 18.Nxc7 Bxe2 19.cxd6 Qxd6 20.Nxe8 Rxe8 21.Qxe2 Qxb4 22.Rac1 f5 23.
f3 Nf6 24.Rfe1 fxe4 25.fxe4 h5 26.Rc6 a5 27.Bc3 Qa3 28.Rxb6 N8d7 29.Rb5 Bh6
30.Rxa5 Qd6 31.Ra6 Qc7 32.Bd2 Bf8 33.Rc1 Qb7 34.h3 Ra8 35.Rxa8 Qxa8 36.Ba5 Kg7
37.Kh2 Qb8 38.Rc6 Bb4 39.Bc7 Qa8 40.Qc4 Be1 41.a4 h4 42.a5 Nh5 43.Re6 Bg3+ 44.
Kh1 Qf8 45.Qe2 Nf4 46.Bd6 Qc8 47.Re7+ Kh6 48.Qd1 Nh5 49.Qc1+ Bf4 50.Qe1 Ng3+
51.Kg1 Qc2 52.Rxd7 Ne2+ 53.Kh1 Ng3+ 54.Kh2 Ne2+ 55.Kh1 Ng3+ 56.Kg1 Ne2+
1/2-1/2

[Event "Division de Honor Titulo"]
[Site "Aragon"]
[Date "2011.04.10"]
[Round "11.8"]
[White "Felez Casedas Carlos"]
[Black "Ramiro Ovejero Juan Luis"]
[Result "0-1"]
[WhiteElo "2042"]
[BlackElo "2365"]

1.Nf3 d5 2.b3 Nf6 3.e3 Bf5 4.Bb2 e6 5.Be2 h6 6.O-O Nbd7 7.c4 Bd6 8.Nc3 c6 9.d4
O-O 10.g3 Re8 11.Nh4 Bh7 12.c5 Bc7 13.f4 Ba5 14.Nb1 b6 15.cxb6 Bxb6 16.b4 Bc7
17.Qa4 Rb8 18.Rc1 Bd6 19.a3 c5 20.Bc3 c4 21.Nd2 Qc7 22.Nhf3 Bf5 23.Ne5 Bxe5
24.dxe5 Ne4 25.Nxe4 Bxe4 26.Bd4 Rb7 27.Ra2 Kh7 28.Bf1 Rg8 29.Bg2 Bxg2 30.Rxg2
f5 31.Qc2 g6 32.Kh1 a5 33.Rb1 axb4 34.axb4 Rgb8 35.Bc3 Nc5 36.g4 fxg4 37.Rxg4
Ne4 38.Rbg1 Rg8 39.Qg2 Qf7 40.Qb2 Qf5 41.R4g2 Qh3 42.Bd4 Qf3 43.Qa1 0-1

[Event "Division de Honor Titulo"]
[Site "Aragon"]
[Date "2011.04.10"]
[Round "11.9"]
[White "Del Rey Diego"]
[Black "Hefty Hilardo Jorge Walter"]
[Result "1/2-1/2"]
[WhiteElo "2374"]
[BlackElo "2314"]

1.d4 d5 2.c4 c6 3.Nf3 Nf6 4.Qc2 g6 5.Bf4 Bg7 6.e3 O-O 7.Bd3 Na6 8.Qb3 dxc4 9.
Bxc4 b5 10.Be2 Be6 11.Qd1 Qb6 12.Nc3 Nc7 13.O-O Ncd5 14.Nxd5 cxd5 15.Qb3 b4
16.a3 bxa3 17.Qxa3 Nh5 18.Be5 f6 19.Bg3 Nxg3 20.hxg3 Kf7 21.b4 Rfb8 22.b5 Bf8
23.Qa2 Qd6 24.Nd2 Kg7 25.Rab1 Bd7 26.e4 Be6 27.Qb2 dxe4 28.Nxe4 Qb6 29.Nc5 Rd8
30.Bf3 Rab8 31.Nxe6+ Qxe6 32.Bc6 Qd6 33.d5 e6 34.Ra1 exd5 35.Rxa7+ Kh8 36.Qd4
Qe5 37.Qh4 Bg7 38.Rd1 d4 39.Rd7 Rxd7 40.Bxd7 f5 41.Qf4 Qxf4 42.gxf4 Kg8 43.Kf1
Kf8 44.Ke2 Ke7 45.Bc6 Kd6 46.Kd3 Rc8 47.Rh1 h5 48.Ra1 Rc7 49.Ra6 Kc5 50.b6
Rxc6 51.b7 Rxa6 52.b8=Q Ra3+ 53.Kd2 Ra2+ 54.Kc1 Ra1+ 55.Kc2 d3+ 56.Kxd3 Ra3+
57.Ke2 1/2-1/2

[Event "Division de Honor Titulo"]
[Site "Aragon"]
[Date "2011.04.10"]
[Round "11.10"]
[White "Garcia Monterde Francisco Jose"]
[Black "Chueca Forcen Alberto"]
[Result "0-1"]
[WhiteElo "2020"]
[BlackElo "2295"]

1.c4 e5 2.g3 Nc6 3.Bg2 g6 4.Nc3 Bg7 5.d3 d6 6.Rb1 f5 7.e3 Nf6 8.Nge2 O-O 9.b4
h6 10.O-O Ne7 11.Qb3 c6 12.e4 Be6 13.d4 b5 14.d5 bxc4 15.Qxc4 Bf7 16.Qa6 cxd5
17.exd5 Qd7 18.Rd1 g5 19.Qa5 f4 20.Ba3 Bh5 21.f3 e4 22.Nd4 exf3 23.Bxf3 Bxf3
24.Nxf3 fxg3 25.hxg3 Qh3 26.Ne2 Ng4 27.Rb3 Nf5 0-1

[Event "Division de Honor Titulo"]
[Site "Aragon"]
[Date "2011.04.10"]
[Round "11.11"]
[White "Hernando Garcia Antonio"]
[Black "Castillo Sanjuan Alejandro"]
[Result "1-0"]
[WhiteElo "2215"]
[BlackElo "1967"]

1.Nf3 d6 2.g3 e5 3.d3 g6 4.c4 Bg7 5.Nc3 h6 6.Rb1 f5 7.Bg2 Nf6 8.b4 Nc6 9.b5
Ne7 10.a4 O-O 11.Qb3 Be6 12.Ba3 g5 13.O-O f4 14.Nd2 Rb8 15.Nd5 Nf5 16.Nxf6+
Qxf6 17.Bb2 Qf7 18.Rbe1 Nd4 19.Bxd4 exd4 20.Bd5 Bxd5 21.cxd5 Rbe8 22.Ne4 Re5
23.Rc1 Rc8 24.Nxd6 cxd6 25.Rxc8+ Kh7 26.Qc2 Qh5 27.Qc7 Qxe2 28.Qf7 fxg3 29.
hxg3 g4 30.Qg8+ Kg6 31.Rc7 Re7 32.Rxe7 Qxe7 33.Qe6+ Qxe6 34.dxe6 Be5 35.Rc1 d5
36.Rc8 Kf6 37.Ra8 1-0

[Event "Division de Honor Titulo"]
[Site "Aragon"]
[Date "2011.04.10"]
[Round "11.13"]
[White "Remiro Juste Fernando Jose"]
[Black "Navarro Alonso Jorge Luis"]
[Result "1-0"]
[WhiteElo "2271"]
[BlackElo "2157"]

1.d4 d5 2.c4 e6 3.Nc3 c5 4.cxd5 cxd4 5.Qa4+ Bd7 6.Qxd4 exd5 7.Qxd5 Nc6 8.Qe4+
Be6 9.Bd2 Nf6 10.Qa4 Bc5 11.e3 O-O 12.Nf3 Nb4 13.a3 Nd3+ 14.Bxd3 Qxd3 15.Qb5
Qg6 16.O-O Bh3 17.Nh4 Qg4 18.f4 Qxh4 19.Qxc5 Rad8 20.Be1 Qg4 21.Bg3 Qc8 22.
Qxc8 Bxc8 23.Bh4 Rd2 24.Bxf6 gxf6 25.Rf2 Rd3 26.e4 f5 27.e5 a6 28.Rd1 Rfd8 29.
Rff1 Be6 30.Rxd3 Rxd3 31.Rd1 Rxd1+ 32.Nxd1 f6 33.Kf2 fxe5 34.fxe5 Kf7 35.Ke3
Bd5 36.g3 Ke6 37.Kf4 Bc4 38.h4 h6 39.Ne3 Bd3 40.h5 b5 41.b4 Be2 42.Nxf5 Kd5
43.g4 1-0

[Event "Division de Honor Titulo"]
[Site "Aragon"]
[Date "2011.04.10"]
[Round "11.14"]
[White "Guzman Moneo Alberto"]
[Black "Delgado Salcedo Eduardo"]
[Result "1-0"]
[WhiteElo "2170"]
[BlackElo "2179"]

1.e4 c5 2.Nc3 Nc6 3.Bb5 g6 4.Bxc6 dxc6 5.f4 e5 6.d3 Qh4+ 7.g3 Qe7 8.Nf3 h5 9.
Nxe5 Bg7 10.Nc4 Bxc3+ 11.bxc3 Bg4 12.Qd2 h4 13.Qg2 O-O-O 14.Ne5 Be6 15.c4 Qc7
16.g4 h3 17.Qg3 Nf6 18.O-O Rdf8 19.Bb2 Rh7 20.Bc3 Ne8 21.a4 Rg8 22.a5 Nd6 23.
g5 f6 24.gxf6 g5 25.f7 Nxf7 1-0

[Event "Division de Honor Titulo"]
[Site "Aragon"]
[Date "2011.04.10"]
[Round "11.15"]
[White "Mimbela Lopez Miguel Angel"]
[Black "Cerrajeria Ruiz Jesus Maria"]
[Result "1-0"]
[WhiteElo "2168"]
[BlackElo "2149"]

1.d4 Nf6 2.Bg5 Ne4 3.Bh4 g5 4.f3 gxh4 5.fxe4 c5 6.e3 d5 7.Nc3 dxe4 8.Bc4 Bf5
9.Qh5 e6 10.Bb5+ Nd7 11.O-O-O a6 12.Bxd7+ Qxd7 13.dxc5 Qe7 14.Nge2 Rg8 15.c6
bxc6 16.Nd4 Bg4 17.Qxh7 Rg6 18.Rdf1 Bh6 19.Nxc6 Qf8 20.Ne5 Bf5 21.Rxf5 Bxe3+
22.Kb1 Rg7 23.Qxh4 exf5 24.Qf6 Rc8 25.Rd1 Rg6 26.Nxg6 fxg6 27.Qe6+ 1-0

[Event "Division de Honor Titulo"]
[Site "Aragon"]
[Date "2011.04.10"]
[Round "11.16"]
[White "Montes Santos Lorenzo"]
[Black "Barros Gutierrez Angel Luis"]
[Result "0-1"]
[WhiteElo "2044"]
[BlackElo "2155"]

1.Nf3 d5 2.c4 e6 3.g3 Nf6 4.Bg2 dxc4 5.Qa4+ Nbd7 6.O-O a6 7.Qxc4 b5 8.Qc2 Bb7
9.a4 c5 10.axb5 axb5 11.Rxa8 Qxa8 12.d3 Ne5 13.Ne1 Nc6 14.Be3 Nb4 15.Qc1 Bxg2
16.Nxg2 Qc6 17.Nd2 Nfd5 18.Nb3 Nxe3 19.Nxe3 Be7 20.Qd2 O-O 21.Rc1 Nd5 22.Nd4
Qd7 23.Nb3 Rc8 24.Ra1 h6 25.Rc1 Qd6 26.Nd4 Bg5 27.Nf3 Bf6 28.Nxd5 exd5 29.b3
Ra8 30.Qc2 Rc8 31.Qa2 Qb6 32.h4 g6 33.Kg2 h5 34.Kg1 Qb7 35.Qd2 Kg7 36.Qa2 b4
37.Nd2 Qe7 38.e3 Bc3 39.Nb1 d4 40.e4 Qe6 41.Rc2 Rc6 42.Nd2 Ra6 0-1

[Event "Division de Honor Descenso"]
[Site "Aragon"]
[Date "2011.04.10"]
[Round "11.17"]
[White "Lamas Mercadal Manuel"]
[Black "Gimenez Martinez Alberto"]
[Result "0-1"]
[WhiteElo "2187"]
[BlackElo "2132"]

1.e4 c5 2.Nc3 d6 3.g3 g6 4.Bg2 Bg7 5.d3 Nc6 6.Nge2 Nf6 7.O-O O-O 8.h3 Rb8 9.f4
Nd7 10.g4 Nd4 11.Ng3 b5 12.Nce2 c4 13.Kh1 cxd3 14.cxd3 b4 15.Be3 Nxe2 16.Qxe2
Nc5 17.Rfd1 Ba6 18.Qc2 Qa5 19.d4 Na4 20.Qd2 Rfc8 21.f5 Nb6 22.Bh6 Nc4 23.Qf4
Nxb2 24.Bxg7 Kxg7 25.e5 dxe5 26.dxe5 Nxd1 27.f6+ exf6 28.exf6+ Kh8 29.Rxd1 Rd8
30.Rxd8+ Qxd8 31.Ne4 Rb6 32.Qh6 Qg8 33.g5 Bb7 34.Qh4 Bxe4 35.Bxe4 Rd6 36.Bf3
a5 37.Bg2 Rd1+ 38.Kh2 Qb8+ 39.Qg3 Qxg3+ 40.Kxg3 Rd2 0-1

[Event "Division de Honor Descenso"]
[Site "Aragon"]
[Date "2011.04.10"]
[Round "11.18"]
[White "Quintin Navarro Alberto"]
[Black "Roche Simon Miguel Angel"]
[Result "1/2-1/2"]
[WhiteElo "2121"]
[BlackElo "2141"]

1.e4 c5 2.Nf3 Nc6 3.d4 cxd4 4.Nxd4 Nf6 5.Nc3 e6 6.Ndb5 Bb4 7.a3 Bxc3+ 8.Nxc3
d5 9.exd5 exd5 10.Bd3 O-O 11.O-O d4 12.Ne4 Nxe4 13.Bxe4 Qf6 14.Qf3 Qxf3 15.
Bxf3 Bf5 16.Bxc6 bxc6 17.c3 d3 18.Be3 a5 19.b4 Be6 20.Rad1 Bc4 21.Rd2 axb4 22.
axb4 Ra3 23.Rc1 Rfa8 24.f3 Ra1 25.Rxa1 Rxa1+ 26.Kf2 f5 27.Kg3 Kf7 28.Kf4 Ke6
29.Bd4 g6 30.Kg5 Kf7 31.Kh6 f4 32.Be5 Ke6 33.Bxf4 Ra7 34.Be3 Rd7 35.h4 Kd5 36.
h5 gxh5 37.Kxh5 Bb5 38.Kh4 Kc4 39.Bd4 Rxd4+ 40.cxd4 Kxd4 41.Kg5 Kc3 42.Ra2 d2
43.Ra1 Ba4 44.f4 d1=Q 45.Rxd1 Bxd1 46.f5 Kxb4 47.f6 Bb3 48.Kh6 Bg8 49.Kg7 Bd5
50.Kxh7 c5 51.g4 c4 52.g5 c3 53.g6 c2 54.f7 c1=Q 55.f8=Q+ Ka4 56.Qe8+ Bc6 57.
Qe5 Qh1+ 58.Kg7 Bd5 59.Qd4+ Kb5 60.Qb2+ Kc6 61.Qf6+ Kd7 62.Qf5+ 1/2-1/2